| 000 | 00696nam a22002057a 4500 | ||
|---|---|---|---|
| 003 | OSt | ||
| 005 | 20250910170508.0 | ||
| 008 | 250910b |||||||| |||| 00| 0 eng d | ||
| 040 |
_aCO-UdeC _bspa _cCO-UdeC |
||
| 041 | 0 | _aspa | |
| 082 |
_a086 _bS478 |
||
| 100 | 1 |
_aPeláez González, Pablo _d1944 - 1989 |
|
| 245 | 1 | 0 |
_aUn señor, un amigo, un líder : _bPablo Peláez González |
| 260 |
_aMedellín : _bEditorial Cadena, _c1990 |
||
| 300 |
_a126 p. _c22 cm. |
||
| 600 | 1 |
_aPeláez González, Pablo _d1944 - 1989 _xCorrespondencia, memorias |
|
| 651 | 4 |
_aMedellín _xAdministración pública |
|
| 700 | 1 |
_aLondoño Montoya, Luz Marina _eEditora |
|
| 942 |
_2ddc _cBK _h086 _iS478 _n0 |
||
| 999 |
_c2047 _d2047 |
||